The phonetics of English.

Bibliographic Details
Main Author: Ward, Ida C. (Ida Caroline), 1880-1949
Format: Book
Language:English
Published: New York : D. Appleton, 1929.
Subjects:

MARC

Tag First Indicator Second Indicator Subfields
LEADER 00000cam a2200000 4500
001 in00000210490
005 20151009054828.0
008 760616s1929 nyua b 00000 eng d
010 |a  30016036  
035 |a (OCoLC)02231877 
035 |9 AAW9099AM 
040 |a TOL  |c TOL  |d TXA  |d UtOrBLW 
049 |a TXAM  |c [40132] 
090 |a PE1135  |b .W3 
100 1 |a Ward, Ida C.  |q (Ida Caroline),  |d 1880-1949. 
245 1 4 |a The phonetics of English. 
264 1 |a New York :  |b D. Appleton,  |c 1929. 
300 |a xi, 176 pages :  |b illustrations, diagrams ;  |c 19 cm. 
336 |a text  |b txt  |2 rdacontent 
337 |a unmediated  |b n  |2 rdamedia 
338 |a volume  |b nc  |2 rdacarrier 
650 0 |a English language  |x Phonetics. 
999 |a MARS 
999 f f |s 2c15d470-f7c6-3460-9bd2-f4b2101675ee  |i 3152e97f-ac4a-3b68-a120-a81659ee9263  |t 0 
952 f f |p ric  |a Texas A&M University  |b Rellis Campus  |c Joint Library Facility  |s JLF  |d Remote Storage  |t 0  |e PE1135 .W3  |h Library of Congress classification  |i unmediated -- volume  |m A14803589068 
998 f f |a PE1135 .W3  |t 0  |l Remote Storage